000 01013cab a22002775a 4500
001 L159904
008 150113e2018 xxk 000 0 eng d
035 _a(Sirsi) u159904
041 0 _aeng
050 _218
100 1 _aTaylor, Anthony
245 0 0 _aFire drill
_h[electronic resource]
260 _aLondon
_bRICS
_c2018
490 _aRICS Building Surveying Journal
_vMarch - April 2018, 18-20(3)
520 _aOffers a detailed rundown of roles and responsibilities for ensuring safety following the Grenfell Tower fire.
650 2 4 _aGRENFELL TOWER
650 2 4 _aREGULATORY REFORM (FIRE SAFETY) ORDER 2005
650 2 4 _aPAS 911:2007
650 2 4 _aMANAGEMENT-HEALTH AND SAFETY-FIRE SAFETY-FIRE RISK ASSESSMENT
651 4 _aUnited Kingdom
_y
690 _aMANAGEMENT-HEALTH AND SAFETY-FIRE SAFETY
700 1 _aEdwards, Richard
856 4 0 _uhttps://issuu.com/ricsmodus/docs/building_surveying_journal_march_ap_aa689a2c570f4c
_z
_yAvailable free online via Issuu
856 4 0 _u
_z
942 _n0
999 _c85056
_d85056